[Event "WchT 8th"]
[Site "Ningbo"]
[Date "2011.07.19"]
[Round "3.3"]
[White "Polgar, Judit"]
[Black "Mamedov, Rauf"]
[Result "1-0"]
[WhiteElo "2699"]
[BlackElo "2679"]
[Annotator "Ftacnik,L"]
[PlyCount "95"]
[EventDate "2011.07.17"]
[EventType "team-tourn"]
[EventRounds "9"]
[EventCountry "CHN"]
[SourceTitle "CBM 144"]
[Source "ChessBase"]
[SourceDate "2011.09.16"]
[SourceVersion "1"]
[SourceVersionDate "2011.09.16"]
[SourceQuality "1"]
[WhiteTeam "Hungary"]
[BlackTeam "Azerbaijan"]
[WhiteTeamCountry "HUN"]
[BlackTeamCountry "AZE"]

1. e4 c5 2. Nf3 Nc6 3. d4 cxd4 4. Nxd4 g6 5. c4 Nf6 6. Nc3 Nxd4 7. Qxd4 d6 8.
Be2 Bg7 9. Be3 O-O 10. Qd2 a5 11. f3 a4 12. Rc1 Qa5 13. Rc2 {White has to play
very patiently against the clever development by Black. Mamedov has chosen a
line that is very solid despite the fact that development of the light-squared
bishop has been postponed.} Bd7 (13... Be6 14. Nd5 Nxd5 (14... Qxd2+ 15. Kxd2
Nxd5 16. cxd5 Bc8 17. Rb1 Bf6 18. Bb5 Ra5 19. Bd3 Ra8 20. Rc4 e6 21. Rb4 exd5
22. exd5 Bd8 {1/2 Begnis,N (2293)-Coenen,N (2353)/Belgium 2011}) 15. cxd5 Rfc8
16. Qxa5 Rxa5 17. Kd2 Rxc2+ 18. Kxc2 Bd7 19. Kb1 a3 20. Rc1 axb2 21. Rc7 $16 {
1-0 Zubarev,A (2478)-Shalimov,V (2440)/Kharkov 1999 (23)}) (13... Re8 14. O-O
Nd7 15. Nd5 Nc5 16. Rd1 Be6 17. Bd4 Bxd5 18. cxd5 Qxd2 19. Rdxd2 Rec8 20. Bxg7
Kxg7 21. Kf2 {1/2 Arribas Lopez,A (2312)-Aroven,M (2201)/Ronda 2007 (71)}) 14.
O-O Bc6 15. Rfc1 Nd7 16. Nd5 Bxd5 {The first truly critical position in the
game. The defender had to decide, if he prefers the solid position without
queens or the more flexible fight after the retreat to d8.} (16... Qd8 $5 17.
Bd4 Rc8 $11) 17. Qxa5 $1 (17. cxd5 Qxd2 18. Rxd2 Rfc8 19. Rxc8+ Rxc8 20. Kf2
Nc5 $13) 17... Rxa5 18. cxd5 Nc5 19. Kf1 b6 20. Rb1 f5 {The real problems for
the second player will take some time to become truly visible. If he can not
find any counterplay White will slowly advance her pawns on the kingside and
at the suitable moment play b2-b4.} (20... Ra7 21. Bb5 $14) (20... Rc8 21. g4
Ra7 22. Kg2 $14) 21. exf5 Rxf5 (21... gxf5 22. g3 Kf7 23. Kg2 $16) 22. Rd1 {
Polgar has been enjoying her successful comeback to the chess scene. With
greater maturity she sometimes plays more cautiously than was the case in her
younger years.} (22. g4 $5 Rf8 (22... Re5 23. Bd2 Ra8 24. Bf4 $16) 23. Kg2 Be5
24. Bd2 Ra7 25. Bh6 Bg7 26. Be3 Be5 27. Rc4 $16) 22... Ra8 (22... Re5 23. Kf2
Ra8 24. f4 Rf8 25. Bf3 Ref5 26. g3 g5 27. g4 Rxf4 28. Bxf4 Rxf4 29. Kg2 $16)
23. h4 (23. f4 $5 Be5 24. g3 g5 25. Bg4 Rff8 26. f5 h6 27. Kg2 $16) 23... a3 $6
{Mamedov had every reason to worry about the future, but the advance of a pawn
will not bring the counterplay he was hoping for. White will get concrete play
for her well coordinated pieces.} (23... Be5 24. g4 Rf7 25. Kg2 Raf8 26. Rb1
Bf4 27. Bf2 $16) 24. b4 Na4 (24... Nd7 25. g4 Rff8 26. Kg2 $16) 25. Rd3 Nb2 (
25... Bb2 26. f4 h5 27. g4 Rf6 28. gxh5 gxh5 29. Bd2 $16) 26. Rb3 Rxd5 (26...
Rb8 $6 27. Rxa3 Rxd5 28. Bc1 $18) 27. Bxb6 Rb8 (27... Bd4 28. Ba5 Rf5 29. Rxa3
d5 30. Rb3 $18) 28. Ba7 $1 Rb7 (28... Ra8 29. Rxa3 Rh5 30. g3 d5 31. b5 Nc4 32.
Rxc4 dxc4 33. b6 $18) 29. Be3 Bd4 (29... Bf6 30. b5 Bxh4 31. b6 $18) 30. Bc1 $6
{Tactics in the service of strategic ideas is a well known and very efficient
tool. Judit plays a solid but academic move completely ignoring the golden
chance to decide the game immediately with the help of tactical flair.} (30.
Rd2 $1 e5 (30... Bxe3 31. Rxd5 Bc5 32. bxc5 Rxb3 33. cxd6 Rb8 34. d7 Rd8 35.
Bb5 $18) 31. Rdxb2 Bxb2 32. Bc4 Rbb5 33. Ke2 Kf7 34. Bxd5+ Rxd5 35. b5 Bd4 36.
b6 $18) 30... Ra5 (30... Kf7 31. f4 Ra7 32. Bd2 $16) 31. bxa5 Rxb3 32. Bc4+ {
The strongest woman player in the history falls in love with clever tactics
again, but not at the best moment. It was much easier to simply advance the
a-pawn, as the black rook has abolutely no squares.} (32. Rc8+ $5 Kg7 33. a6
Rb4 (33... d5 34. axb3 a2 35. a7 a1=Q 36. a8=Q $18) 34. Bd2 Ra4 35. Bb5 $18)
32... Nxc4 33. axb3 Nb2 $6 {Black should have punished the great opponent by
taking the queenside pawns. Winning in a technical ending would be an
unpleasant task for White.} (33... Nxa5 $1 34. Bxa3 Nxb3 35. Bb2 $16) 34. a6 a2
35. a7 $1 a1=Q 36. Rc8+ Kf7 37. a8=Q {It is not so common for the stronger
party to queen the pawn after the opponent with a decisive effect.} Qxa8 38.
Rxa8 Nd3 39. Bg5 (39. Bd2 Bf6 40. Ke2 $18) 39... h5 40. Ke2 Nb4 41. Ra4 Nc6 (
41... Bc3 42. Bd2 Bxd2 43. Kxd2 $18) 42. Rc4 Bc5 43. Be3 {In the end the
technical ending is very easy to win, since White enjoys the presense of the
passed pawn b3.} Ne5 (43... Bxe3 44. Kxe3 Ne5 45. Rc7 $18) 44. Rf4+ Ke6 45. b4
(45. Bxc5 dxc5 46. Ke3 Kd5 47. Rf8 $18) 45... Bxe3 46. Kxe3 Kd5 47. Rd4+ Kc6
48. Re4 (48. Re4 Kb5 49. Rxe5+ dxe5 50. Ke4 $18) 1-0

[Event "Belgrade Investbank"]
[Site "Belgrade"]
[Date "1997.11.12"]
[Round "2"]
[White "Ivanchuk, Vassily"]
[Black "Kovacevic, Aleksandar"]
[Result "1-0"]
[WhiteElo "2725"]
[BlackElo "2525"]
[Annotator "Ftacnik,L"]
[PlyCount "83"]
[EventDate "1997.11.11"]
[EventType "tourn"]
[EventRounds "9"]
[EventCountry "YUG"]
[EventCategory "18"]
[SourceTitle "CBM 062"]
[Source "ChessBase"]
[SourceDate "1998.01.31"]
[SourceVersion "1"]
[SourceVersionDate "1998.01.31"]
[SourceQuality "1"]

1. e4 {Tsesarsky} c5 2. Nf3 Nc6 3. d4 cxd4 4. Nxd4 g6 5. c4 Nf6 6. Nc3 d6 7.
Be2 Nxd4 8. Qxd4 Bg7 9. Be3 O-O 10. Qd2 Be6 11. O-O Qa5 12. Rab1 (12. Rac1 Rfc8
13. b3 a6 14. f4 b5 15. f5 Bd7 16. b4 Qxb4 17. e5 dxe5 18. fxg6 Be6 19. gxf7+
Bxf7 20. Bh6 Bxh6 21. Qxh6 Bxc4 22. Qg5+ Kh8 23. Rxf6 Rg8 $19 {Ivanchuk,
V-Anand,V (1) Moscow PCA 25' (03) 1994 0-1 33}) 12... Rfc8 13. b3 b5 $5 $146 {
It was not easy to come up with a new move in such a well known position.
Black tries to take the early initiative. Es ist nicht leicht, in einer so
berühmten Stellung mit einer Neuerung aufzuwarten. Schwarz versucht die
Initiative zu übernehmen.} (13... a6 14. Rfc1 b5 (14... Nd7 15. f4 (15. b4 Qd8
16. Nd5 Bxd5 17. Qxd5 Qc7 18. Qd1 a5 19. a3 axb4 20. axb4 b6 21. f4 $14 {
Kudrin,S-Dzindzichashvili,R/USA-ch/1995/0,5/45/}) 15... Rab8 16. b4 Qd8 17. Nd5
Nf6 18. Bf3 b6 19. Qf2 Nxd5 20. exd5 Bd7 $14 {Zarnicki,P-Spangeberg,H/ARG-ch/
1995/0,5/40/}) (14... Rab8 15. f3 Kf8 (15... Nd7 {Tsesarsky} 16. b4 Qd8 17. Nd5
Bxd5 (17... f5 18. Bg5 Nf6 19. Nxf6+ exf6 20. Bf4 Bf8 21. c5 fxe4 22. fxe4 Rc6
23. Bc4 Bxc4 24. Rxc4 $14 {Micic,J-Ptacnikova,L/Erevan olw 1996/EXT 96ch2/ - 
(51)}) 18. Qxd5 Qc7 19. Qd1 a5 20. a3 axb4 21. axb4 b6 22. f4 Rd8 23. Bf3 Bh6
24. Qb3 e5 25. f5 Bxe3+ 26. Qxe3 Kg7 27. g4 Ra8 28. g5 $14 {Kudrin,
S-Dzindzichashvili,R/USA-ch 1995/CBM 51/ - (45)}) 16. Qe1 (16. b4 Qd8 17. Nd5
$1 $14 b5 18. a3 $5 Rc6 19. a4 $5 bxa4 20. Qa2 Bd7 $8 21. Bd1 Nxd5 22. exd5 Rc7
23. Bxa4 Rcb7 24. Bxd7 Qxd7 25. c5 $1 {1-0 Psakhis,L-Rodriguez,A/Andorra 1996/
(41)}) 16... Nd7 17. b4 Qd8 18. Nd5 Bxd5 19. cxd5 b6 20. a4 a5 21. bxa5 bxa5
22. Rb5 Nc5 23. Qd1 Ra8 24. g4 Kg8 25. Kg2 Qf8 {1-0 Morovic Fernandez,I-Kudrin,
S/NY Open, New York USA 1997}) 15. b4 Qd8 16. cxb5 axb5 17. Bxb5 Ra3 18. Bf1 (
18. Qe1 Ng4 19. Bd2 Bd4 20. Nd1 Rxa2 $132) 18... Rcxc3 19. Rxc3 Rxa2 20. Qc1
Nxe4 21. Ra3 Rxa3 22. Qxa3 $16 {Ivanchuk,V-Khalifman,A/Yalta 25'/1995/1:0/42/})
(13... Nd7 14. Rfc1 (14. Nd5 {Tsesarsky} Qxd2 15. Bxd2 Bxd5 16. exd5 b5 17.
Rfe1 $14) 14... Qd8 (14... Qb4 15. Rc2 a6 16. Rbc1 Rab8 17. f3 Qa5 18. Nd5 Qxd2
19. Rxd2 Kf8 20. Rdc2 f5 21. exf5 Bxf5 22. Rd2 Nf6 23. Nb6 Rc6 24. Rcd1 {
Oll,L-Alterman,B/EUCup G7 1997/CBM 62/1-0 (80)} (24. Rcd1 {Tsesarsky} Re8 25.
Bf1 $14 {1-0 Oll,L-Alterman,B/EuClub Cup qual Gp 1997 (79)})) 15. Nd5 Nc5 (
15... Bxd5 16. exd5 a5 17. h4 (17. Bg4 $14 {Tsesarsky}) 17... h5 $1 18. g3 $10)
16. Bf3 $5 a5 17. h4 Bxd5 18. exd5 (18. cxd5 {Tsesarsky} b5 $10) 18... Qd7 19.
Qe2 $1 (19. Re1 $5 {Tsesarsky Ftacnik} Rc7 20. Qe2 $14) 19... Re8 (19... e5 20.
dxe6 Qxe6 21. Bd5 $16) 20. h5 {1-0 Ivanchuk,V-Anand,V/Buenos Aires Sicilian/
1994/ (34)}) (13... Ng4 14. Nd5 $1 Qxd2 15. Bxd2 Kf8 16. Bg5 (16. Bxg4 Bxg4 17.
Bg5 e6 18. Nf6 h6 19. Bxh6 Be2 20. Rfe1 Bxc4 21. Nd7+ Kg8 22. Bxg7 Kxg7 23.
Rbd1 Bb5 24. Rxd6 Bxd7 25. Rxd7 Rc2 {1/2-1/2 Enders,P-Brendel,O/BL9596 1996/ 
(52)}) 16... Nf6 (16... f6 {Tsesarsky} 17. Bd2 Ne5 18. f4 Nc6 19. f5 Bf7 20. g4
Ne5 21. Rbc1 Bxd5 22. exd5 Kf7 23. Be3 b6 24. h4 h5 25. gxh5 g5 26. hxg5 fxg5
27. Bxg5 Bf6 28. Bf4 Bg5 29. Bxg5 $16 {1-0 Gelfand,B-Andersson,U/ 1997}) 17.
Nxf6 Bxf6 18. Bxf6 exf6 19. Rbd1 Ke7 20. f4 Rc5 21. Rd4 a5 22. Rfd1 Ra6 23. g4
{1/2-1/2 Tischbierek,R-Van der Weide,K/Berliner Sommer 1997/ (46)}) 14. b4 (14.
Nxb5 Qxd2 15. Bxd2 Nxe4 $11) (14. e5 $2 b4 $1) 14... Qc7 (14... Qd8 15. cxb5
Ng4 16. Bd4 $16) 15. e5 $1 (15. Nxb5 Qb7 $1 (15... Nxe4 16. Qc2 Qb7 17. Nxa7
$14) 16. e5 Ne4 17. Qc1 Bxe5 $11) 15... dxe5 (15... Ng4 16. Nxb5 Qb7 17. exd6
Nxe3 18. Qxe3 Bxc4 19. Nc7 $18) 16. Nxb5 Qb7 17. Rfc1 Rd8 (17... a6 18. Na3 Bf5
19. Bf3 Be4 (19... e4 {Tsesarsky} 20. Be2 $16) 20. Bxe4 Nxe4 21. Qe2 $14) 18.
Qe1 (18. Qb2 $2 {Tsesarsky} a6 19. Na3 Bf5 20. Bf3 $1 e4 21. Be2 Ng4 $15) 18...
Ng4 19. Bc5 (19. Bxg4 Bxg4 20. a4 a6 21. Nc3 Bf5 $132) 19... e4 (19... Bf5 20.
Bf3 e4 21. Bxg4 Bxg4 22. Nc3 (22. Qe3 $5 $16 {Tsesarsky})) 20. Bxg4 Bxg4 21.
Nc3 {White passed pawns are potentially very strong, but black is not without
counterplay. Das weiße Bauernduo ist potentiell sehr stark, aber die schwarze
Stellung ist nicht ohne Gegenspiel.} (21. Qe3 Rd3) (21. Qe3 $5 $16 {Tsesarsky})
21... Bf5 (21... f5 $5 22. Nd5 (22. h3 {Tsesarsky} Bh5 23. Nd5 e5 24. g4 fxg4
25. Qxe4 Rxd5 $8 26. Qxd5+ Qxd5 27. cxd5 gxh3 28. Rb3 $16) 22... e6 23. Ne7+
Kh8 24. b5 $14) 22. Nd5 Rd7 (22... e6 23. Ne3 (23. Ne7+ Kh8 24. Rd1 Bf6 25.
Nxf5 exf5 $14) 23... e5 24. Rd1 Rd3 25. Nd5 $14) (22... e5 {Tsesarsky} 23. b5
$16 (23. Ne7+ Kh8 24. Nxf5 gxf5 $132)) 23. Be3 (23. Rb3 $5 {Tsesarsky}) 23...
e6 (23... Rc8 24. b5 e6 25. Nb4 $14) 24. Nc3 Rc8 25. Qe2 (25. c5 $16 {Tsesarsky
}) 25... h5 (25... Rd3 $2 26. Na4 Qb8 27. g4 $16) 26. h3 h4 27. Na4 (27. c5 $6
{Tsesarsky} Rd3 $14) 27... Bd4 (27... Rdc7 28. Nc5 Qc6 29. b5 $16) 28. Nc5 $1 (
28. Bxd4 Rxd4 29. Nc5 Qe7 (29... Qb8 {Tsesarsky} 30. a3 $14) 30. Rd1 e5 $14)
28... Bxc5 29. Bxc5 (29. bxc5 Qc6 $14) 29... e3 (29... a6 30. Be3 $16) (29...
Rd3 {Tsesarsky} 30. Be3 $16) 30. Rb2 (30. Rb3 {Tsesarsky} Rd2 31. Qxe3 Rxa2 32.
Bd4 (32. f3 Qc7 $132) 32... Qe4 $14) 30... exf2+ 31. Bxf2 (31. Qxf2 {Tsesarsky}
Rd3 32. Rb3 Qe4 $14) 31... g5 (31... Bd3 32. Qg4 Qa6 33. c5 Qc6 (33... Qa3 34.
Bd4 Bf5 35. Qxh4 e5 36. Bc3 Rd3 37. Bxe5 Rxh3 38. gxh3 Qe3+ 39. Rf2 Qxc1+ 40.
Kh2 $18) 34. Qxh4 $16) 32. b5 Qe4 (32... f6 33. c5 e5 (33... Rd5 {Tsesarsky}
34. c6 Qc7 35. a4 Qa5 36. Rc4 Kg7 37. Be1 Qb6+ 38. Qf2 Rd1 39. Qxb6 axb6 40.
Kf2 $16) 34. c6 Qc7 35. Qf3 Bh7 36. Qxf6 $18) (32... Rcd8 {Tsesarsky} 33. c5
Rd3 34. c6 $16) 33. c5 Qxe2 (33... Qf4 {Tsesarsky} 34. Be3 Qg3 35. Qf2 $16) 34.
Rxe2 Bd3 (34... Rdc7 35. a4 f6 36. c6 Kf7 37. Rd2 e5 38. a5 $16) 35. Rb2 a6 (
35... f5 {Tsesarsky} 36. a4 Be4 37. c6 $16) 36. a4 (36. b6 Be4 (36... Bb5 37.
Rxb5 axb5 38. c6 $18) 37. Re1 Bd5 $16) 36... axb5 37. axb5 Rb7 38. b6 Be4 (
38... Rc6 39. Ra1 Kg7 40. Ra7 Rxa7 41. bxa7 Ra6 42. c6 Be4 43. Rc2 $1 Bxc2 44.
c7 $18) 39. Re2 Bd5 (39... f5 40. Rxe4 fxe4 41. c6 Rbb8 42. Be3 Kf7 43. b7 Rc7
44. Rf1+ Kg6 45. Ba7 $18) 40. Re5 f6 $6 (40... Rxb6 $142 41. Rxg5+ Kf8 42. Rh5
Rbc6 43. Rh8+ Kg7 44. Rxc8 Rxc8 45. Bxh4 $16) 41. Rxd5 $1 exd5 42. c6 (42. c6
Rbb8 43. Bd4 (43. c7 {Tsesarsky} Rb7 44. Rd1 Kf7 45. Rxd5 Ke6 46. Rd8 Rcxc7 47.
bxc7 Rxc7 48. Be3 $18) 43... f5 44. c7 Rb7 45. Rc6 Kf7 46. Rd6 Ke7 47. Rd8 $18)
1-0

[Event "Belgrade Investbank"]
[Site "Belgrade"]
[Date "1997.11.11"]
[Round "1"]
[White "Ivanchuk, Vassily"]
[Black "Georgiev, Kiril"]
[Result "1-0"]
[WhiteElo "2725"]
[BlackElo "2670"]
[Annotator "Ftacnik,L"]
[PlyCount "63"]
[EventDate "1997.11.11"]
[EventType "tourn"]
[EventRounds "9"]
[EventCountry "YUG"]
[EventCategory "18"]
[SourceTitle "CBM 062"]
[Source "ChessBase"]
[SourceDate "1998.01.31"]
[SourceVersion "1"]
[SourceVersionDate "1998.01.31"]
[SourceQuality "1"]

1. c4 {Tsesarsky} c5 2. Nf3 g6 3. d4 cxd4 4. Nxd4 Nc6 5. e4 Nf6 6. Nc3 d6 7. f3
Nxd4 8. Qxd4 Bg7 9. Be3 O-O 10. Qd2 Be6 11. Rc1 Qa5 12. b3 Rfc8 13. Be2 a6 14.
Na4 Qxd2+ 15. Kxd2 Nd7 (15... Rc6 {Tsesarsky} 16. g4 Kf8 17. Nb6 Rb8 18. Nd5
Rcc8 19. Nf4 Bd7 20. g5 Ne8 21. Nd5 Nc7 22. Nb6 Rd8 23. h4 $14 {1-0
Tseshkovsky,V-Zilberman,Y/Leeuwarden op 1994 (47)}) 16. g4 f5 (16... Rc6 17. h4
(17. Rhd1 f5 18. gxf5 gxf5 19. Rg1 Kf7 20. Bd3 Ne5 21. exf5 Nxf3+ 22. Kd1 Bd7
23. Rg3 Nd4 24. Rxg7+ Kxg7 25. Bxd4+ {1-0 Dgebuadze,A-Barria,D/WchJT U26 1995 
(42)}) 17... h6 (17... Kf8 18. h5 Rac8 19. hxg6 hxg6 20. g5 Nc5 21. Nc3 b5 22.
Nd5 bxc4 23. Bxc4 a5 24. Bb5 Bxd5 25. exd5 R6c7 26. Bc6 {1/2-1/2 Short,
N-Kortschnoj,V/WchT 4th 1997 (35)}) 18. Nc3 f5 19. Nd5 Kf7 20. exf5 gxf5 21. g5
hxg5 22. hxg5 Nf8 23. f4 Ke8 24. Bf3 $16 {1-0 Soffer,R-Almasi,I/Budapest FS06
GM 1993 (46)}) (16... Kf8 17. h3 Rc6 18. f4 Nc5 19. Nxc5 dxc5 20. Rhd1 Rd8+ 21.
Ke1 Rxd1+ 22. Rxd1 Ke8 23. Bf3 Bc3+ 24. Kf1 Rc7 25. f5 Bc8 26. Bf4 Rd7 27. Rxd7
Bxd7 28. Ke2 {1/2-1/2 Liss,E-Alterman,B/Rishon le Zion YM 1995}) 17. exf5 (17.
gxf5 gxf5 18. Rhg1 Kh8 (18... Rf8 19. Bd4 Rf7 20. f4 Kf8 21. Bxg7+ Rxg7 22.
Rxg7 Kxg7 23. exf5 Bxf5 24. Bf3 Rb8 {1/2-1/2 Alburt,L-Beliavsky,A/Vilnius zt
1975/ (32)}) 19. Nc3 fxe4 20. Nxe4 d5 21. Ng5 Bg8 22. cxd5 Bxd5 23. Rg3 Rxc1
24. Kxc1 Nf6 $11 {1/2-1/2 Lau,R-Polgar,Z/New York /1985 (30)}) 17... gxf5 18.
h3 (18. g5 d5 19. f4 dxc4 20. bxc4 Rd8 21. Ke1 b5 22. cxb5 axb5 23. Bxb5 Ra5
24. Bxd7 Bxd7 25. Bb6 Rxa4 26. Bxd8 {1-0 Suba,M-Gdanski,J/Budapest zt-A 1993/ 
(44)}) 18... Rf8 (18... Rc7 19. Rhg1 (19. Rhe1 $5 {Tsesarsky}) 19... Rf8 20. f4
Nc5 (20... Nf6 21. Bb6 Rc6 22. Bf3 d5 23. Ke3 fxg4 24. hxg4 Bd7 25. f5 $1 $16)
21. Nc3 (21. Nxc5 dxc5 22. Rcd1 Rd7+ $11) 21... fxg4 (21... b5 $5 22. gxf5 $5
Bxf5 23. Bd4 Ne6 24. Bxg7 Nxg7 25. h4 b4 26. Nd5 Rb7 27. Bf3 Kf7 28. h5 h6 29.
Ne3 $14) 22. hxg4 b5 $5 23. f5 b4 $8 $11 {1-0 Razuvaev,Y-Mantovani,R/
Reggio9697/1996/ (62)}) 19. f4 {This position will be seen more often. Black
is not so far from equality, but he has to play very carefully. Ftacnik: Diese
Stellung wird recht oft gespielt. Schwarz fehlt nicht viel zum Ausgleich, muß
aber sehr genau vorgehen.} (19. Rhf1 {Tsesarsky} fxg4 20. fxg4 Rab8 21. Nc3 Ne5
{1/2-1/2 Liss,E-Donaldson,J/Monarch Assurance, Port Erin ENG 1997}) 19... Nf6 (
19... Rad8 $5 20. Nc3 (20. Rhd1 $5 {Tsesarsky}) 20... d5 $5 21. gxf5 (21. cxd5
{Tsesarsky} Nf6 22. Bb6 Rd7 23. Rhe1 Bxd5 24. Ke3 fxg4 25. hxg4 e5 $15) 21...
Bxf5 (21... Rxf5 {Tsesarsky} 22. cxd5 (22. Nxd5 Nf6 23. Bg4 Nxd5 24. cxd5
Rfxd5+ 25. Ke2 Kf7 $11) 22... Bxd5 23. Bd3 (23. Nxd5 Nf6 $1 $11) 23... Bxh1 24.
Bxf5 Bc6 $11) 22. cxd5 Nf6 23. Bb6 Rd7 24. Ke3 Rc8 $1 25. Bf3 e6 $1 26. Bd4 (
26. dxe6 $4 Rd3+ $19) 26... exd5 (26... Nxd5+ 27. Nxd5 Rxc1 28. Rxc1 exd5 29.
Rc8+ $16) 27. Rcg1 (27. Bxf6 Bxf6 28. Nxd5 Re8+ $17) 27... Re8+ (27... Kh8 28.
Rxg7 Kxg7 29. Nxd5 $16) 28. Kd2 {1-0 Rodriguez,A-Antunes,A/Matanzas 1994/ (32)}
) (19... d5 20. cxd5 Bxd5 21. Rhd1 Rac8 22. gxf5 b5 23. Rxc8 Rxc8 24. Ke1 Bc6
25. Nc5 Nxc5 26. Bxc5 Bf6 27. b4 $16 {Beljavsky,A-Tiviakov,S/Groningen PCA/
1993/}) 20. Rhg1 Rad8 (20... d5 21. Nc5 Ne4+ 22. Ke1 Nxc5 23. Bxc5 fxg4 24.
Bxg4 $14) (20... Ne4+ {Tsesarsky} 21. Ke1 $14) 21. Bb6 (21. g5 {Tsesarsky} Ne4+
22. Ke1 Bd7 23. Nb6 Bc6 24. Bf3 e6 $132) 21... Rc8 (21... Rd7 22. Bf3 Kf7 23.
g5 $14) (21... Rde8 {Tsesarsky} 22. Bf3 fxg4 23. hxg4 Nd7 24. Ke3 (24. f5 Nxb6
25. Nxb6 Bd4 (25... Bh6+ 26. g5 (26. Ke2 Bxc1 27. Rxc1 Bc8 (27... Bf7 28. Nd7
$14) 28. Nxc8 Rxc8 29. Bxb7 Rb8 30. Bd5+ Kg7 31. Ke3 $44) 26... Bg7 27. Bh5 (
27. fxe6 Rxf3 28. Rcf1 Ref8 29. Rxf3 Rxf3 30. Nd5 Bf8 31. g6 $14) 27... Bf7 (
27... Bxf5 28. Bxe8 Rxe8 29. Rgf1 $16) 28. g6 hxg6 29. fxg6 Be6 30. Rcf1 Bf5
31. Ke2 $14) 26. Rgf1 Bxf5 27. gxf5 Bxb6 28. Bxb7 $11) 24... Nxb6 25. Nxb6 Rb8
(25... Bb2 26. Rb1 Ba3 27. b4 a5 28. f5 Bc8 29. Nxc8 Rxc8 30. Bxb7 Rc7 31. Bd5+
Kg7 32. Ke4 Bxb4 33. g5 $16) 26. f5 Bc8 27. Bd5+ Kh8 $16) 22. Nc3 Rc6 (22...
Ne4+ 23. Nxe4 fxe4 24. Ke3 $14) (22... d5 $5 23. gxf5 (23. Nxd5 Bxd5 24. cxd5
Nxd5 25. Be3 $11) (23. cxd5 Rxc3 $1 (23... Nxd5 24. Nxd5 Bxd5 25. Rxc8 Rxc8 26.
gxf5 $14) 24. Rxc3 (24. dxe6 Nd5 25. Bc5 $15) 24... Ne4+ (24... Nxd5 25. Rcg3
fxg4 26. Bxg4 $18) 25. Kd3 Nxc3 26. dxe6 Nd5 $17) 23... Bxf5 24. Bd4 $14) 23.
Be3 fxg4 (23... d5 24. gxf5 (24. cxd5 {Tsesarsky} Nxd5 25. Nxd5 Bxd5 26. Rxc6
Bxc6 27. gxf5 $14) 24... Bxf5 25. cxd5 $14 (25. cxd5 Rd6 26. Bc5 Rd7 27. h4
Nxd5 (27... Rc8 28. Bd4 $16) 28. Bc4 Be6 $2 (28... e6 29. Bxd5 $1 Rff7 (29...
exd5 30. Bxf8 $18) 30. Bd4 exd5 31. h5 (31. Rxg7+ Rxg7 32. Bxg7 Kxg7 $11) (31.
Rce1 Bg6) 31... h6 32. Rcd1 Kf8 33. Bxg7+ Rxg7 34. Rxg7 Kxg7 (34... Rxg7 35.
Ke3 Rg3+ 36. Kd4 Bg4 37. Rc1 Bxh5 38. Nxd5 Rg2) 35. Ke3 $14) 29. Bd4 Rf7 30.
Bxd5 Bxd5 31. Nxd5 Rxd5 32. Rc8+ $18)) 24. hxg4 d5 25. f5 Rd8 (25... Bf7 26. g5
Ne4+ (26... Nd7 {Tsesarsky} 27. cxd5 (27. Nxd5 Bxd5 28. cxd5 Rd6 (28... Rxc1
29. Kxc1 $16) 29. Bd3 Rxd5 30. Ke2 Ne5 31. Be4 Rd7 32. Rgd1 $16) 27... Rd6 28.
f6 $1 exf6 29. Bf4 $16) 27. Nxe4 dxe4 28. Rg4 $16) 26. Ke1 d4 $2 {Georgiev
could not resist the temptation for a countetblow, but the tactics works in
white's favour. Ftacnik: Georgiev konnte diesem lockenden Gegenstoß nicht
widerstehen. Die Taktik jedoch spricht für Weiß.} (26... Bc8 27. Bf3 Rcd6 28.
g5 $18) (26... Bf7 $5 27. g5 Ne8 28. Nxd5 Bxd5 29. Rd1 $14 (29. cxd5 {Tsesarsky
} Rxc1+ 30. Bxc1 Bc3+ 31. Kf1 Ng7 32. Rg3 $1 $16)) 27. Rd1 Rcd6 (27... Bf7 28.
Rxd4 Nd7 (28... Rxd4 {Tsesarsky} 29. Bxd4 $16) 29. Rd3 $16) (27... Ne8 {
Tsesarsky} 28. Bg5 Bf7 29. Bxe7 Rd7 30. Bb4 Nd6 31. Nd5 $18) 28. c5 $1 Nd5 (
28... Bxb3 29. cxd6 Bxd1 30. dxe7 Re8 31. g5 (31. Nxd1 {Tsesarsky} dxe3 32. g5
$18) 31... Ng4 32. Nxd1 Nxe3 33. f6 $18) (28... Rc6 29. fxe6 $18) (28... R6d7
29. fxe6 $18) 29. cxd6 Nxe3 (29... Nxc3 30. dxe7 Re8 31. Rxd4 Bxd4 32. Bxd4
Nxe2 33. Kxe2 Bd7 34. f6 $18) (29... dxc3 {Tsesarsky} 30. fxe6 Nxe3 31. dxe7
$18) 30. dxe7 Re8 31. fxe6 Rxe7 (31... dxc3 32. Rd8 $18) (31... Nxd1 32. Nxd1
Rxe7 33. Bc4 $18) 32. Ne4 (32. Ne4 Rxe6 33. Bd3 $18) 1-0